| 000 | 00860nam a2200241 u 4500 | ||
|---|---|---|---|
| 001 | 000016868 | ||
| 005 | 20250702120835.0 | ||
| 008 | 100311s2003 ag a r 000 0 spa d | ||
| 040 |
_aDO-SdBNP _bspa _cBNPHU |
||
| 082 |
_a152.4 _bG625e |
||
| 100 | 1 |
_aGoleman, Daniel _d1947 - _937341 |
|
| 245 | 1 | 0 |
_aEmociones destructivas : _bUn diálogo científico con el Dalai -Lama / _cDaniel Goleman; Traductor David González Raga, Fernando Mora. |
| 246 | 1 | _aDestructive Emotions | |
| 260 |
_aBuenos Aires : _bVergara grupo Zeta, _c2003. |
||
| 300 |
_a494 p. : _bil. ; _c23 cm. |
||
| 500 | _aIncluye índice. | ||
| 504 | _aIncluye notas y referencias bibliográficas(453-461 p.) | ||
| 650 | 0 |
_aEmociones (Filosofía) _937342 |
|
| 650 | 4 |
_aEmpatía _937343 |
|
| 700 | 1 |
_aGonzález Raga, David _ctrad. _937344 |
|
| 700 | 1 |
_aMora, Fernando _ctrad. _937345 |
|
| 049 | _aBNPD | ||
| 999 |
_c16400 _d16400 |
||